| 000 | 00550nam a22002057a 4500 | ||
|---|---|---|---|
| 999 |
_c6304 _d6304 |
||
| 003 | OSt | ||
| 005 | 20191205142548.0 | ||
| 008 | 190905b ||||| |||| 00| 0 eng d | ||
| 020 | _a978-1844805662 | ||
| 040 | _cDDC | ||
| 082 | _a657.42 DRU 2007 | ||
| 100 |
_aDrury, Colin. _94544 |
||
| 245 | _a Management and Cost Accounting | ||
| 250 | _a7th ed. | ||
| 260 |
_aAustralia; _bSouth-Western, _c2007 |
||
| 300 |
_axxiv,476p; _bcol.ill: _c26cm |
||
| 504 | _aBibliography, Answers, & index included | ||
| 650 | _2Cost accounting | ||
| 942 |
_2z _cBOOK |
||